4-Letter 'CH' Words Quiz Stats

 Plays Quiz Updated Jun 2, 2018

Score 0/25 Timer 03:00
0 Plays Today
Word % Correct
chat
96.1%
chap
95.2%
chip
93.6%
char
93.2%
chad
92.8%
chin
92.4%
chit
89.4%
chop
89.3%
cham
88.5%
chew
86.9%
chaw
85.9%
chef
77.8%
chow
77.7%
Word % Correct
chai
77.7%
chao
77.7%
chic
77.3%
chis
76.6%
chay
75.9%
chum
75.4%
chia
71.2%
chug
70.8%
chub
69.6%
chez
68.2%
chon
67.7%
choc
63.6%

You're not logged in!

Compare scores with friends on all Sporcle quizzes.
OR
Log In

Sporcle TV

Today on Sporcle TV


Watch our educational content, quiz creation guides, and fun videos on Sporcle TV.

Show Comments

Extras

Top Quizzes Today


Score Distribution

Your Account Isn't Verified!

In order to create a playlist on Sporcle, you need to verify the email address you used during registration. Go to your Sporcle Settings to finish the process.

Report this User

Report this user for behavior that violates our Community Guidelines.

Details: